000 00950cam a2200217 4500
001 ABS66011
008 021016n2002 000 0 eng u
035 _a(Sirsi) u120123
100 _aFairs, M.
245 _aPure genius
260 _c2002
490 _aBuilding
_v267(8249) 6 September 2002, 37-40(4)
520 _aReports on a new steel-framed housing system called Fusion developed by John Fleming Construction. The company lead by Irishman John Fleming is now looking to become the UK's biggest supplier of prefab housing. Describes the Fusion product and how Fleming is still looking to perfect the system. Wilmot Dixon Housing report being very impressed with the speed of build compared to traditional build.
590 _aABS
650 _aSTEEL FRAMED HOUSING
650 _aCONSTRUCTION INDUSTRY
650 _aPREFABRICATED HOUSING
650 _aSTEEL FRAMES
690 _aBUILT ENVIRONMENT-CONSTRUCTION DESIGN
942 _n0
999 _c71367
_d71367